Biological utilization of palm oil by-products by chickens /
Saved in:
| Main Author: | |
|---|---|
| Format: | Thesis Book |
| Language: | English |
| Published: |
1981
|
| Subjects: | |
| Tags: |
Add Tag
No Tags, Be the first to tag this record!
|
| LEADER | 00992cam a2200277 a 4500 | ||
|---|---|---|---|
| 001 | u30840 | ||
| 003 | SIRSI | ||
| 008 | 830426s1981 my bt 00 1 eng m | ||
| 015 | |a X830000350 | ||
| 035 | |a AAD-3276 | ||
| 040 | |a UMM | ||
| 090 | |a SF494 |b Yeo | ||
| 091 | |a Microfiche 8434 | ||
| 100 | 1 | 0 | |a Yeong, Shue Woh |
| 245 | 1 | 0 | |a Biological utilization of palm oil by-products by chickens / |c by Yeong Shue Woh |
| 260 | |c 1981 | ||
| 300 | |a xv, 216 leaves : |b ill. ; |c 28cm | ||
| 500 | |a Photocopy | ||
| 500 | |a Also available on microfiche. Kuala Lumpur : Perpustakaan Universiti Malaya, 1982. 4 fiches : negative ; 11x15cm | ||
| 502 | |a Thesis (Ph.D.) - Jabatan Zoologi, Fakulti Sains, Universiti Malaya, 1981 | ||
| 504 | 0 | 0 | |a Bibliography: leaves 165-175 |
| 650 | 0 | |a Poultry |x Feeding and feeds. | |
| 650 | 0 | |a Palm oil industry |x By-products | |
| 948 | |a 16/03/1991 |b 25/11/2000 | ||
| 596 | |a 1 | ||
| 999 | |a SF494 YEO |w LC |c 1 |i A002661856 |d 29/9/2011 |e 29/9/2011 |l STACKS |m P01UTAMA |n 1 |r Y |s Y |t TESIS |u 20/2/1992 | ||
